|
|
|
|
| LEADER |
00923nam a2200301 4500 |
| 001 |
DLU090097343 |
| 005 |
##20091201 |
| 040 |
# |
# |
|a DLU
|b eng
|
| 041 |
# |
# |
|a eng
|
| 044 |
# |
# |
|a us
|
| 100 |
# |
# |
|a Fiechtner, Gregory J.
|
| 245 |
# |
# |
|a Faceted design of channels for low-dispersion electrokinetic flows in microfluidic systems /
|c Gregory J. Fiechtner, Eric B. Cummings.
|
| 653 |
# |
# |
|a Capillary electrophoresis
|
| 653 |
# |
# |
|a Electrokinetics
|
| 653 |
# |
# |
|a Microfluidics
|
| 653 |
# |
# |
|a Permeability
|
| 653 |
# |
# |
|a Prisms
|
| 700 |
# |
# |
|a Cummings, Eric B.
|
| 773 |
# |
# |
|t Analytical Chemistry
|g Vol. 75, no. 18 (September 2003), p. 4747-4755
|
| 920 |
# |
# |
|a Phòng Tạp chí -- Trung tâm Thông tin - Thư viện Trường Đại học Đà Lạt
|
| 994 |
# |
# |
|a DLU
|
| 900 |
# |
# |
|a True
|
| 911 |
# |
# |
|a Trương Bảo Trâm Anh
|
| 925 |
# |
# |
|a G
|
| 926 |
# |
# |
|a A
|
| 927 |
# |
# |
|a BB
|
| 980 |
# |
# |
|a Thư viện Trường Đại học Đà Lạt
|